Logo Biblioteca

Departamento Q : (Registro nro. 908)

Detalles MARC
000 -LEADER
fixed length control field 01367nam a22002297a 4500
003 - CONTROL NUMBER IDENTIFIER
control field AR-RoUNCS
005 - DATE AND TIME OF LATEST TRANSACTION
control field 20260218153334.0
008 - FIXED-LENGTH DATA ELEMENTS--GENERAL INFORMATION
fixed length control field 260218s2010 sp ||||r|||| 00| f spa d
020 ## - INTERNATIONAL STANDARD BOOK NUMBER
International Standard Book Number 978-84-15120-02-5
040 ## - CATALOGING SOURCE
Original cataloging agency AR-RoUNCS
Transcribing agency AR-RoUNCS
080 ## - UNIVERSAL DECIMAL CLASSIFICATION NUMBER
Authority record control number or standard number 82-312.4(988)
100 1# - MAIN ENTRY--PERSONAL NAME
Personal name Adler-Olsen, Jussi,
Dates associated with a name 1950-
Relator term autor
245 10 - TITLE STATEMENT
Title Departamento Q :
Remainder of title la mujer que arañaba las paredes : el primer caso de Carl Mørck y su departamento especial Q /
Statement of responsibility, etc. Jussi Adler-Olson ; traducción, Juan Mari Mendizabal.
300 ## - PHYSICAL DESCRIPTION
Extent 415 p. ;
Dimensions 23 cm.
490 0# - SERIES STATEMENT
Series statement Letras nórdicas
520 1# - SUMMARY, ETC.
Summary, etc. La misteriosa desaparición de Merete Lynggaard, una joven promesa de la política danesa, ocurrida en 2002, ya no parece interesarle a nadie. En su momento la policía de Copenhague no pudo encontrar ningún rastro de ella y el caso ha sido archivado. Sin embargo, cinco años después, el detective Carl Mørck,, jefe del Departamento Q, toma cartas en el asunto, pues su trabajo consiste, precisamente, en ocuparse de crímenes no resueltos. Una novela policiaca inquietante que quita la respiración y cuyos inesperados giros atraparán sin remedio al lector.
586 ## - AWARDS NOTE
Awards note Premio Glass Key a la mejor novela policíaca 2010.
650 #7 - SUBJECT ADDED ENTRY--TOPICAL TERM
Source of heading or term embne
Topical term or geographic name entry element Literatura danesa
655 #7 - INDEX TERM--GENRE/FORM
Source of term embne
Genre/form data or focus term Novelas policiales
700 1# - ADDED ENTRY--PERSONAL NAME
Personal name Mendizabal, Juan Mari,
Relator term traductor
942 ## - ADDED ENTRY ELEMENTS (KOHA)
Source of classification or shelving scheme Universal Decimal Classification
Koha item type Obra General
Suppress in OPAC No
Existencias
Withdrawn status Lost status Source of classification or shelving scheme Damaged status Not for loan Collection Home library Current library Date acquired Source of acquisition Total checkouts Full call number Barcode Date last seen Price effective from Koha item type
    Universal Decimal Classification     Colección General Biblioteca Escuela de Ciencias Sociales Biblioteca Escuela de Ciencias Sociales 18/02/2026 Donación 2023   82-312.4(988) AD237 000232 18/02/2026 18/02/2026 Obra General
Biblioteca de la Escuela Preuniversitaria en Ciencias Sociales y Humanísticas.
Riobamba 250 bis.
CP 2000 - Rosario - Santa Fe
E-Mail: biblioteca@esociales.unr.edu.ar